Dónde Jugó (Barcelona) - Estadísticas

Estadísticas generales
  • Esta prueba ha sido intentada 90 veces
  • La puntuación promedio es 20 de 24
Estadísticas de respuestas
Jugador Equipo en el que haya jugado % Correcto
Wojciech Szczesny Arsenal, Brentford, Roma, Juventus
95%
Marcus Rashford Aston Villa, Manchester United
95%
Robert Lewandowski Bayern Múnich, Borussia Dortmund, Lech Poznan, Znicz Pruszkow
95%
Frenkie De Jong Ajax, Willem II
94%
Joan García Espanyol
94%
Dani Olmo Leipzig, Dinamo Zagreb
94%
Pedri Las Palmas
93%
Lamine Yamal Barcelona
91%
Eric García Manchester City, Girona
91%
Ferran Torres Manchester City, Valencia
91%
Jules Koundé Sevilla, Girondins Burdeos
91%
Pau Cubarsí Barcelona
90%
Andreas Christensen Chelsea, Borussia Monchengladbach
90%
Alejandro Balde Barcelona
89%
Gavi Barcelona
89%
Marc Casadó Barcelona
89%
Marc Bernal Barcelona
89%
Dro Fernández Barcelona
88%
Raphinha Leeds United, Stade Rennais, Sporting CP, Vitória Guimaraes, Avaí
88%
Marc-André Ter Stegen Borussia Monchengladbach
70%
Roony Bardghji Kobenhavn
56%
Fermín López Linares Deportivo
54%
Gerard Martín Cornellà
44%
Ronald Araújo Boston River, Rentistas
27%
No se encontraron pruebas coincidentes
Distribución de puntuación
Porcentaje de gente con cada puntuación
Porcentaje por número respondido
Historial de tus puntuaciones
No has intentado esta prueba.